Least Guessed Missing Countries - Statistics

General Stats
  • This quiz has been taken 200 times
  • The average score is 12 of 20
Answers on the Map
Answers color-coded by a green-red scale on the quiz's map according to % correct below.
 
Answer Stats
% Country % Correct
24 Nauru
85%
24 Palau
84%
24 Samoa
81%
22 Tonga
81%
24 Tuvalu
81%
25 Marshall Islands
80%
33 Solomon Islands
80%
34 Fiji
79%
24 Vanuatu
79%
32 Sao Tome and Principe
76%
34 Cape Verde
67%
29 Mauritius
65%
31 Malta
61%
31 Bahamas
49%
31 Jamaica
38%
29 Belize
32%
30 El Salvador
26%
35 Equatorial Guinea
26%
20 Kuwait
25%
31 United Arab Emirates
19%
No matching quizzes found
Score Distribution
Percent of People with Each Score
Percentile by Number Answered
Your Score History
You have not taken this quiz